| 000 | 00552nam a2200205 4500 | ||
|---|---|---|---|
| 003 | OSt | ||
| 005 | 20240719052938.0 | ||
| 006 | a | ||
| 008 | 240719b |||||||| |||| 00| 0 eng d | ||
| 020 | _a0632057696 | ||
| 040 |
_aDWCL-Main lib. _cOC |
||
| 082 | _aCirc. 500 J28p 2002 | ||
| 100 | _aJames, Joyce | ||
| 245 | _aPrinciples of sciences for nurses / | ||
| 260 |
_aUK: _bBlackwell Science Ltd., _cc2002. |
||
| 300 |
_axviii, _b252 p. : ill. ; _c25 cm. |
||
| 504 | _aIncludes index. | ||
| 650 | _a1. Science. | ||
| 942 |
_2ddc _n0 _cBK-CIRC _kCirc. |
||
| 999 |
_c2435 _d2435 |
||